Il pozzo /

Saved in:
Bibliografiske detaljer
Andre forfattere: Jones, Laura (Scenarist), Otto, Miranda, Lang, Samantha (Director), Rabe, Pamela
Format: Slide
Sprog:italiensk
Udgivet: Italia : Lucky red, 1999
Tags: Tilføj Tag
Ingen Tags, Vær først til at tagge denne postø!

MARC

LEADER 00000ngm a22000007i 4500
001 IT\ICCU\UBO\1496878
003 ItRI
005 20260124182903.0
008 011114s1999 it |||||||||||||||k|||||c
040 |b ita 
041 7 |a ita  |2 ISO-639-2 
130 4 |a The well <film ; 1997>  |3 IT\ICCU\CAG\0899724 
245 0 3 |a Il pozzo /  |c regia di Samantha Lang ; sceneggiatura Laura Jones ; dal romanzo di Elizabeth Jolley. 
260 |a Italia :  |b Lucky red,  |c 1999 
300 |a 1 videocassetta (VHS) (ca. 102 min.) :  |b color. (PAL), son 
500 |a Interpreti: Pamela Rabe, Miranda Otto 
500 |a Descrizione basata sul contenitore. 
700 1 |a Jolley, Elizabeth  |0 IT\ICCU\LO1V\145579  |4 ant 
700 1 |a Jones, Laura  |0 IT\ICCU\RAVV\096801  |4 sce 
700 1 |a Otto, Miranda  |0 IT\ICCU\UBOV\482803 
700 1 |a Lang, Samantha  |0 IT\ICCU\UBOV\573412  |4 drt 
700 1 |a Rabe, Pamela  |0 IT\ICCU\UBOV\573413 
942 |2 ddc  |c VM  |n 0 
952 |0 0  |1 0  |4 0  |6 VO_624_000000000000000  |7 0  |9 27574  |a BO  |b BO  |d 2026-01-24  |i 7204  |l 0  |o VO 624  |p BO7204  |r 2026-01-24 18:29:03  |w 2026-01-24  |x [Sebina 5] [1 videocassetta]  |y VM  |z 1 videocassetta 
999 |c 23364  |d 23364